Los mensajes subliminales de los discursos políticos. El lenguaje no verbal como un detector de mentiras diplomová práca

Saved in:
Bibliographic Details
Main Author: Kostrová, Kristína
Corporate Author: Fakulta aplikovaných jazykov EU v Bratislave. Katedra románskych a slovanských jazykov
Other Authors: Maarová, Iveta
Format: Book
Language:Spanish
Published: Bratislava 2018
Tags: Add Tag
No Tags, Be the first to tag this record!

MARC

LEADER 00000nbm a2200000 4500
001 0244028
005 20181011145144.2
041 0 |a spa 
044 |a SK 
245 1 0 |a Los mensajes subliminales de los discursos políticos. El lenguaje no verbal como un detector de mentiras  |b diplomová práca  |c Kristína Kostrová ; školiteľ: Iveta Maarová 
264 1 |a Bratislava  |c 2018 
300 |a 76 s. 
100 1 |a Kostrová, Kristína 
700 1 |a Maarová, Iveta 
710 2 |a Fakulta aplikovaných jazykov EU v Bratislave. Katedra románskych a slovanských jazykov